MARC

LEADER 00000nam0a2200000 4500
001 298407
005 20231102001112.0
035 |a (RuTPU)RU\TPU\book\323550 
090 |a 298407 
100 |a 20150618d1983 k y0rusy5003 ca 
101 0 |a rus 
102 |a RU 
105 |a a z 001zy 
200 1 |a Неразрушающий контроль, виброметрия, диагностика  |f Научно-исследовательский и конструкторский институт испытательных машин, приборов и средств измерения масс (НИКИМП) ; под ред. В. В. Клюева 
210 |a Москва  |c Изд-во НИКИМП  |d 1983 
215 |a 87 с.  |c ил. 
225 1 |a Труды НИКИМП 
320 |a Библиография в конце статей 
606 1 |a Неразрушающий контроль  |2 stltpush  |3 (RuTPU)RU\TPU\subj\66931  |9 82903 
610 1 |a технический контроль 
610 1 |a неразрушающие методы 
610 1 |a виброметрия 
610 1 |a техническая диагностика 
610 1 |a экспериментальные исследования 
610 1 |a радиационный контроль 
675 |a 620.179.1  |z rus  |v 4 
702 1 |a Клюев  |b В. В.  |g Владимир Владимирович  |4 340 
712 0 2 |a Научно-исследовательский и конструкторский институт испытательных машин, приборов и средств измерения масс (НИКИМП)  |c (Москва)  |c (1959- )  |2 stltpush  |3 (RuTPU)RU\TPU\col\19390 
801 0 |a RU  |b RuMRKP  |c 19950704  |g psbo 
801 1 |a RU  |b 63413507  |c 20150618 
801 2 |a RU  |b 63413507  |c 20170727  |g RCR 
942 |c BK